000 00503nam a2200181 a 4500
001 4075
003 CO-ViMGA
008 141112s2004 ck r 000 u spa d
040 _aCO-ViMGA
_bspa
_cCO-ViMGA
082 0 4 _a651.5 S355
100 1 _aSenn, James A
_954441
245 1 0 _aSistemas de información para la administración
260 _aMexico :
_bIberoAméricana,
_c1990
300 _a728 p : il
650 1 4 _aADMINISTRACION - INFORMACION
_954442
650 1 4 _aCOMPUTACION
_95430
942 _2ddc
_cBK
999 _c16091
_d16091